000 00778cam a22002413a 4500
001 32622
003 PGUSA
005 20140828083715.0
008 100531s2010||||xxu|||||s|||||000 | eng d
040 _aPGUSA
_beng
042 _adc
050 4 _aPZ
245 1 0 _aSt. Nicholas Magazine for Boys and Girls, Vol. 13, May 1886, No. 7. :
_bAn Illustrated Magazine for Young Folks
_h[electronic resource] /
_cVarious
260 _bProject Gutenberg,
_c2010
506 _aPublic domain in the USA.
516 _aElectronic text
653 _aChildren's literature -- Periodicals
653 _aChildren's periodicals, American
700 1 _aDodge, Mary Mapes,
_d1830-1905
830 0 _aProject Gutenberg
_v32622
856 4 0 _uhttp://www.gutenberg.org/ebooks/32622
942 _cEB
999 _c261877
_d261877